Chile: economía política del desgaste /

Guardado en:
Bibliografiske detaljer
Hovedforfatter: Torres G., Osvaldo
Format: Bog
Sprog:Spanish
Tags: Tilføj Tag
Ingen Tags, Vær først til at tagge denne postø!

MARC

LEADER 00000nam a22000007a 4500
003 cru CIDCACS/IIS
005 20170405151117.0
007 ta
008 170405e2016 ag ||||| |||| 00| 0 spa d
040 |c cru CIDCACS/IIS 
100 1 |9 3948  |a Torres G., Osvaldo 
245 1 |a Chile:  |b economía política del desgaste /  |c Osvaldo Torres G. 
300 |a páginas 72-83 
773 0 |0 19022  |9 586  |a Fundación Friedrich Ebert  |d Fundación Friedrich Ebert; Nueva Sociedad  |o R19229  |t Nueva Sociedad / 
942 |2 ddc  |c PP 
999 |c 19132  |d 19132